Diccionario práctico de incorrecciones: dudas y normas gramaticales
-д хадгалсан:
| Үндсэн зохиолч: | |
|---|---|
| Формат: | Ном |
| Хэл сонгох: | испани |
| Хэвлэсэн: |
Ciudad de México
Larousse
1988
|
| Хэвлэл: | 1a. ed |
| Цуврал: | Práctico
|
| Нөхцлүүд: | |
| Шошгууд: |
Шошго нэмэх
Шошго байхгүй, Энэхүү баримтыг шошголох эхний хүн болох!
|
MARC
| LEADER | 00000nam a2200000 a 4500 | ||
|---|---|---|---|
| 001 | UCH6522 | ||
| 003 | CL-VaPUC | ||
| 008 | 091109e19880000MX |||||||||||||||||spa|d | ||
| 020 | |a 9686147462 | ||
| 082 | 0 | 4 | |a 463 |b COR |2 21 |
| 100 | |a Corripio, Fernando |e autor |9 543073 | ||
| 245 | 1 | 0 | |a Diccionario práctico de incorrecciones: dudas y normas gramaticales |
| 250 | |a 1a. ed | ||
| 300 | |a 569 p | ||
| 942 | |c BK | ||
| 945 | |d 20091109 00:00:00 |a ccalabra | ||
| 260 | |a Ciudad de México |b Larousse |c 1988 | ||
| 650 | 0 | |a Educación |9 258661 | |
| 650 | 0 | |a Gramática española |9 403055 | |
| 650 | 0 | |a Lingüística |9 265068 | |
| 650 | 7 | |a CASTELLANO |2 CL-VaPUC |9 346426 | |
| 650 | 0 | |a Diccionarios |9 256200 | |
| 583 | |a last modification |c 20091109 00:00:00 |k Rodrigo Vera | ||
| 490 | 0 | |a Práctico | |
| 999 | |c 337396 |d 337394 | ||